|
|
|
|
| LEADER |
00000nab a2200000 a 4500 |
| 001 |
vtls000550137 |
| 003 |
SK-MaSNL |
| 005 |
20260309145345.0 |
| 008 |
220422c1995 xo 0 slo |
| 015 |
|
|
|a SNBRB19rr/mm-uuuuu
|
| 035 |
|
|
|a CL0550275
|
| 040 |
|
|
|a SNKBUCL
|b slo
|c SNKBUCL
|e AACR2
|
| 041 |
0 |
|
|a slo
|
| 044 |
|
|
|a xo
|c SK
|
| 080 |
|
|
|a 637.12'63:619:613.28:354.83(437.6)
|2 1981
|
| 080 |
|
|
|a 619
|2 1981
|
| 080 |
|
|
|a 613.28
|2 1981
|
| 080 |
|
|
|a 354.83(437.6)
|2 1981
|
| 080 |
|
|
|a 637.35'63
|2 1981
|
| 100 |
1 |
|
|a Rovný, Ivan,
|d 1949-
|4 aut
|9 233516
|
| 245 |
1 |
0 |
|a Veterinárne, hygienické, zdravotné a kvalitatívne požiadavky na získavanie ovčieho mlieka a výrobu ovčieho hrudkového syra a bryndze
|b Ministerstvo pôdohospodárstva Slovenskej republiky podľa § 2 zákona č. 11/1992 Zb. o organizácii veterinárnej starostlivosti Ministerstvo zdravotníctva Slovenskej republiky podľa zákona č. 272/1994 Z.z. o ochrane zdravia ľudí vydávajú toto usmernenie
|c Ivan Rovný, Norbert Beňuška
|
| 300 |
|
|
|b Tab. 2
|
| 610 |
1 |
7 |
|a Slovensko.
|b Ministerstvo pôdohospodárstva
|2 snkbucl
|9 115174
|
| 650 |
0 |
7 |
|a ovčie mlieko
|2 snkbucl
|9 71498
|
| 650 |
0 |
7 |
|a syry ovčie hrudkové
|2 snkbucl
|9 1633386
|
| 650 |
0 |
7 |
|a bryndza
|2 snkbucl
|9 17081
|
| 655 |
|
7 |
|a články z novín a časopisov
|2 snkbucl
|9 267496
|
| 700 |
1 |
|
|a Beňuška, Norbert,
|d 1939-2017
|4 aut
|9 195126
|
| 773 |
0 |
|
|t Roľnícke noviny
|g Č. 101 (3. 5. 1995)
|
| 773 |
0 |
|
|t [Príl.] Beseda
|g Roč. 3, č. 9 (1995), s. 5-6
|
| 850 |
|
|
|a Slovenská národná knižnica v Martine
|a MTA001
|
| 852 |
|
|
|a SNK
|b KIS3GCP
|
| 958 |
|
|
|a RK
|
| 958 |
|
|
|a ME
|
| 958 |
|
|
|a SK
|
| 992 |
|
|
|a RBX
|
| 999 |
|
|
|c 3365652
|d 3367582
|